Statistiques concernant Titres de noblesse en France

Cliquez ici pour prendre le quiz!

Statistiques générales

  • Ce quiz a été pris 480 fois
  • Le résultat moyen est 8 sur 17

Statistiques - réponses

Réponse% Correct
Duc
97%
Roi
95%
Comte
92%
Prince
80%
Baron
71%
Vicomte
69%
Marquis
59%
Archiduc
56%
Empereur
51%
Chevalier
50%
Seigneur
46%
Dauphin
35%
Ecuyer
16%
Vidame
7%
Banneret
4%
Madame
2%
Grave
1%

Distribution des résultats

Percentile par nombre de réponses

% des personnes avec chaque résultat

Votre développement - résultats

Vous n’avez pas pris ce quiz